[Event "GER MS-161 email"]
[Site "GER email"]
[Date "2012.06.18"]
[Round "?"]
[White "Kosirog, Nicolai"]
[Black "Kontges, Markus"]
[Result "1/2-1/2"]
[WhiteElo "1870"]
[BlackElo "2013"]
[PlyCount "34"]
[EventDate "2012.06.25"]
[EventType "tourn (corr)"]
[EventRounds "6"]
[EventCountry "GER"]
[SourceTitle "Corr 2015"]
[Source "ChessBase"]
[SourceDate "2015.07.17"]
[SourceVersion "1"]
[SourceVersionDate "2015.07.17"]
[SourceQuality "1"]

1. d4 Nf6 2. c4 e6 3. Nc3 Bb4 4. Qc2 c5 5. a3 Bxc3+ 6. Qxc3 cxd4 7. Qxd4 Nc6 8. Qd3 0-0 9. Nf3 d5 10. cxd5 exd5 11. g3 Ne4 12. Bg2 Bf5 13. Nh4 Qa5+ 14. Bd2 Nxd2 15. Qxd2 Qxd2+ 16. Kxd2 Be6 17. Nf3 Na5 1/2-1/2

[Event "GER MS-160 email"]
[Site "GER email"]
[Date "2012.05.28"]
[Round "?"]
[White "Kontges, Markus"]
[Black "Hoppe, Frank"]
[Result "1-0"]
[WhiteElo "2013"]
[BlackElo "2129"]
[PlyCount "155"]
[EventDate "2012.06.08"]
[EventType "tourn (corr)"]
[EventRounds "6"]
[EventCountry "GER"]
[SourceTitle "Corr 2015"]
[Source "ChessBase"]
[SourceDate "2015.07.17"]
[SourceVersion "1"]
[SourceVersionDate "2015.07.17"]
[SourceQuality "1"]

1. d4 Nf6 2. Nf3 e6 3. g3 c5 4. Bg2 cxd4 5. 0-0 d5 6. Nxd4 e5 7. Nb3 Be6 8. Nc3 Be7 9. f4 exf4 10. Bxf4 0-0 11. Qd3 Nbd7 12. Rad1 Nb6 13. Nd4 Nc4 14. Rb1 Rc8 15. b3 Na3 16. Rbc1 Re8 17. Nxe6 fxe6 18. Kh1 a6 19. Nd1 b5 20. Be5 Bc5 21. Bb2 Qe7 22. Nf2 b4 23. c3 bxc3 24. Qxc3 Nb5 25. Qa5 Qd6 26. Nd3 Bd4 27. Rxc8 Rxc8 28. a4 Bxb2 29. axb5 Bd4 30. Qxa6 Qxa6 31. bxa6 Ra8 32. e3 Bxe3 33. Re1 Bb6 34. Nb4 Kf7 35. Rc1 Ng4 36. Rc6 Bd4 37. Nc2 Ba7 38. Rc7+ Kf6 39. Bf1 Ne5 40. Be2 Bf2 41. Kg2 Ra7 42. Rc8 Bb6 43. Nb4 Bc7 44. Nc2 Bb6 45. Nb4 Bc7 46. Kf1 g6 47. g4 g5 48. h3 Ke7 49. Nc2 Bb6 50. Ke1 Kd7 51. Rg8 Ng6 52. b4 e5 53. Bb5+ Ke6 54. Rc8 Bc7 55. Kd2 Bd6 56. Kc3 Ne7 57. Rh8 Ng6 58. Rd8 Bc7 59. Rc8 Bd6 60. Kb3 Ne7 61. Rh8 Ng6 62. Re8+ Kf7 63. Rd8 Ke7 64. Rc8 Ke6 65. Ne3 Ne7 66. Re8 Kf7 67. Rh8 Kg7 68. Rd8 Bc7 69. Rd7 Bb8 70. Nf5+ Kf6 71. Nxe7 Rxd7 72. Ng8+ Ke6 73. Bxd7+ Kxd7 74. Nf6+ Kc6 75. Ka4 Ba7 76. b5+ Kd6 77. Nxh7 e4 78. Nxg5 1-0